000 00575nam a2200193Ia 4500
003 GCL
005 20240530104047.0
008 140319s9999 xx 000 0 ara d
040 _aGCL /
_cGCL
082 0 4 _a811.1
_bا م
100 1 _aاحمد محمد الحوفى
245 1 0 _aالمراة فى الشعر الجاهلى /
_cاحمد محمد الحوفى
300 _a800 ص
490 _a100 قصة
_v0
650 0 4 _aالادب
650 0 4 _aالمرأة
650 0 4 _aالشعر العربى - تاريخ ونقد - العصر الجاهلى
942 _2ddc
_cBK
999 _c44354
_d44354